MARC

Tag First Indicator Second Indicator Subfields
LEADER 00000pam a2200000 a 4500
001 in00001792913
005 20151025112251.0
008 030401s2003 ctua b 001 0beng
010 |a  2003050050 
020 |a 0300099800 (alk. paper) 
035 |a (OCoLC)ocm52079678 
040 |a DLC  |c DLC  |d UtOrBLW 
043 |a n-us---  |a n-us-ny 
049 |a TXAM 
050 0 0 |a E302.6.M7  |b A34 2003 
082 0 0 |a 973.4/092  |a B  |2 21 
100 1 |a Adams, William Howard. 
245 1 0 |a Gouverneur Morris :  |b an independent life /  |c William Howard Adams. 
264 1 |a New Haven, Conn. :  |b Yale University Press,  |c [2003] 
264 4 |c ©2003 
300 |a xvi, 345 pages :  |b illustrations ;  |c 25 cm. 
336 |a text  |b txt  |2 rdacontent 
337 |a unmediated  |b n  |2 rdamedia 
338 |a volume  |b nc  |2 rdacarrier 
504 |a Includes bibliographical references (pages 297-334) and index. 
600 1 0 |a Morris, Gouverneur,  |d 1752-1816. 
610 1 0 |a United States.  |t Constitution  |x Signers  |v Biography. 
650 0 |a Statesmen  |z United States  |v Biography. 
651 0 |a United States  |x History  |y Revolution, 1775-1783  |v Biography. 
651 0 |a New York (State)  |x History  |y Revolution, 1775-1783  |v Biography. 
651 0 |a United States  |x Politics and government  |y 1775-1783. 
651 0 |a United States  |x Politics and government  |y 1783-1789. 
945 |i PromptCat 
948 |a cataloged  |b h  |c 2003/10/30  |d c  |e dmitchel  |f 12:00:00 pm 
994 |a 92  |b TXA 
999 |a MARS 
999 f f |s 26dc9569-26bb-3d1e-8286-29f7cff3859e  |i 432a7298-a411-35ae-9d10-685890b94ec5  |t 0 
952 f f |p normal  |a Texas A&M University  |b College Station  |c Sterling C. Evans Library  |d Evans: Library Stacks  |t 0  |e E302.6.M7 A34 2003  |h Library of Congress classification  |i unmediated -- volume  |m A14830739987 
998 f f |a E302.6.M7 A34 2003  |t 0  |l Evans: Library Stacks